000 01390nam a2200337 i 4500
001 000041462
003 DO-SdBNP
005 20250423140401.0
007 ta
008 131007s1994 dr ab r 000 0 spa d
040 _aDO-SdBNP
_bspa
_cBNPHU
_erda
082 _a362.1097293
_bB333c
_222
100 1 _aBatista del Villar, Guarocuya
_920408
_eautor
245 1 0 _aCinco ensayos sobre la salud de los dominicanos /
_cGuarocuya Batista del Villar.
264 1 _aSanto Domingo :
_bAsociación Medica Dominicana,
_c1994.
300 _a132 páginas
_bilustraciones, mapa
_c21 cm.
336 _2rdacontent
_atexto
_btxt
337 _2rdamedia
_asin mediación
_bn
338 _2rdacarrier
_avolumen
_bnc
490 1 _aAMD-Centenaria
_v7
500 _aIncluye datos biografícos del autor en la contraportada.
504 _aIncluye bibliografía y notas al final de capítulos.
590 _aInventariado, 2018/BT
650 4 _aServicios de salud
_zRepública Dominicana
_xEnsayos, conferencias, etc.
_968135
650 4 _aAtención médica
_zRepública Dominicana
_xEnsayos, conferencias, etc.
_968136
650 4 _aPráctica médica
_zRepública Dominicana
_xEnsayos, conferencias, etc.
_968137
650 4 _aSatisfacción del paciente
_xEnsayos, conferencias, etc.
_968138
710 2 _aAsociación Médica Dominicana
_916565
910 _aValidado. Control de calidad. EMS
942 _2ddc
_cLBS1
999 _c40952
_d40952